Statistics for Top 10 most watched Christmas movies ever

Click here to take the quiz!

General Stats

  • This quiz has been taken 338 times
  • The average score is 3 of 10

Answer Stats

Worldwide GrossMovie% Correct
$476.7 millionHome Alone (1990)
77%
$220.8 millionElf (2003)
71%
$511.5 millionThe Grinch (2018)
51%
$189.8 millionThe Santa Clause (1994)
33%
$314.2 millionThe Polar Express (2004)
26%
$325.2 millionA Christmas Carol (2009)
15%
$172.8 millionThe Santa Clause 2 (2002)
5%
$345.1 millionDr. Seuss’ How the Grinch Stole Christmas (2000)
4%
$205.1 millionThe Holiday (2006)
4%
$173.9 millionThe Nutcracker and the Four Realms (2018)
0%

Score Distribution

Percentile by Number Answered

Percent of People with Each Score

Your Score History

You have not taken this quiz